Statistics for 5-Letter Word Chain – Clothing

Click here to take the quiz!

General Stats

  • This quiz has been taken 683 times
  • The average score is 13 of 21

Answer Stats

ClueAnswer% Correct
Could be mini, midi or maxiskirt
96%
You’re this without clothes ...naked
92%
Neckwarmerscarf
92%
Handwarmerglove
88%
... so you need to do this!dress
84%
Size XL is this largeextra
84%
Workwear for chefs and butchersapron
83%
Diadem-type headwear favoured by princessestiara
76%
It's often worn with a tieshirt
75%
Long-gone singer famous for his “Blue Suede Shoes”Elvis
73%
The briefest of briefs?thong
63%
Cowboys’ leather legwearchaps
59%
Muslim women’s all-concealing garmentburka
55%
Fabric made from flaxlinen
48%
What used to be worn by ancient Romans (and schoolgirls)tunic
44%
A pashmina, for exampleshawl
38%
Fictional character who gives her name to a type of hairbandAlice
37%
Type of cravat, or where to be seen in a silly hat on Ladies' Day!Ascot
34%
Muslim women’s garment showing only the eyesniqab
22%
A ----- coat was standard formal menswear in earlier timesfrock
21%
UK slang for trousers or pants (rhymes with sex)kecks
20%

Score Distribution

Percentile by Number Answered

Percent of People with Each Score

Your Score History

You have not taken this quiz